[Event "FTX Crypto Cup KO 2021"]
[Site "Chess24"]
[Date "2021.05.25"]
[Round "1.2"]
[White "Nepomniachtchi, Ian"]
[Black "Caruana, Fabiano"]
[Result "1/2-1/2"]
[WhiteElo "2778"]
[BlackElo "2773"]
[Annotator "TA"]
[PlyCount "110"]
[EventDate "2021.05.26"]
[EventType "k.o."]
[EventCountry "NET"]
[SourceTitle "playchess.com"]
[Source "ChessBase"]
[SourceQuality "1"]

{[%evp 14,110,3,0,14,-3,18,6,6,0,14,8,6,11,8,10,15,11,33,2,28,11,36,10,39,32,36,25,56,56,62,63,77,78,74,76,79,80,85,61,73,68,76,35,85,86,93,58,75,46,47,55,47,48,48,42,49,39,57,40,52,41,56,39,40,52,52,33,51,56,67,32,30,39,47,50,92,92,92,92,147,53,65,0,134,100,94,80,85,8,8,13,98,0,0,0,81,0,0]} 1. e4 e5 2. Nf3 Nc6 3. Nc3 Nf6 4. d4 exd4 5. Nxd4 Bb4 6. Nxc6 bxc6 7. Bd3 d5 8. exd5 O-O {C47: Scotch Four Knights and Four Knights with 4 g3.} 9. O-O Bg4 10. f3 Bh5 11. Bg5 Qd6 12. Qe1 {[#]} (12. Bxf6 Qxf6 13. dxc6 Bxc3 14. bxc3 Qxc3 15. Be4 Bg6 16. Qd7 Rad8 17. Qxc7 Qc5+ 18. Kh1 Bxe4 19. fxe4 {½-½ (41) Nepomniachtchi,I (2774)-Caruana,F (2842) Ekaterinburg 2021}) 12... Nxd5 $146 {[#]} ({Predecessor:} 12... Rfe8 13. Qh4 Bg6 14. Bxf6 gxf6 15. Bxg6 fxg6 16. Ne4 Qe7 17. dxc6 Rad8 18. Rad1 f5 19. Qxe7 Bxe7 {0-1 (32) Griffith,K (2346)-Vitenberg,N (2298) Chess.com INT 2020}) 13. Ne4 $1 {c3 is the strong threat.} Bxe1 14. Nxd6 Bb4 15. Nc4 Rfe8 16. Rad1 f6 17. Bd2 a5 18. a3 Bxd2 19. Rxd2 Bg6 20. Kf2 Nf4 21. Bxg6 hxg6 22. a4 g5 23. Re1 Rxe1 24. Kxe1 $16 {[%mdl 4096] Endgame KRN-KRN} Nd5 25. b3 Kf7 26. Kf2 Ke6 27. Rd4 Nb6 28. Ne3 Nd5 29. Re4+ Kd7 30. Nc4 Nb6 31. Nd2 Rh8 32. h3 c5 33. f4 gxf4 34. Rxf4 Rh5 35. Rg4 Rf5+ 36. Ke2 g5 37. g3 Nd5 38. Nc4 Nb4 39. Ne3 Re5 {Strongly threatening ...Nxc2.} 40. Kd2 Nc6 41. h4 Nd4 {next ...f5 is good for Black.} 42. Kd3 Nf3 43. hxg5 fxg5 44. Nc4 Re1 45. Re4 Rg1 46. g4 Nh2 (46... Nd4 $142) 47. Ne3 (47. Kc3 $16) 47... Nf3 $1 $14 48. Nc4 (48. c3 $14) 48... Nh2 $16 49. Ne5+ Kd6 50. Kc4 Rg2 51. c3 (51. Nf7+ $16 Kc6 52. c3 (52. Nxg5 Rxc2+ 53. Kd3 Rg2 $11)) 51... Rg3 $11 52. Nf7+ Kc6 {[#]} (52... Kd7 $1 $11) 53. Ne5+ (53. Nd8+ $1 $16 Kd7 54. Nb7) 53... Kd6 $1 54. Nf7+ (54. b4 $11 cxb4 55. cxb4 axb4 56. Nf7+ Kd7 57. Kxb4) 54... Kc6 $16 {[#]} 55. Ne5+ ({White should play} 55. Nd8+ $1 $16 Kd7 56. Nb7) 55... Kd6 $1 {Weighted Error Value: White=0.19/Black=0.11} 1/2-1/2